| 000 | 00629nam a22002297a 4500 | ||
|---|---|---|---|
| 003 | OSt | ||
| 005 | 20230630083351.0 | ||
| 008 | 230630b |||||||| |||| 00| 0 eng d | ||
| 020 | _a9780007197675 | ||
| 040 |
_cNIRUC _dNIRUC |
||
| 050 | _aHF5386 .M59 2005 | ||
| 100 |
_aWelch, Jack _eauthor. |
||
| 245 | _aWinning / by Jack Welch and Suzy Welch | ||
| 260 |
_aLondon ; _bHarperCollins Publishers, _c2009 |
||
| 300 |
_axi,372 p.; _c24cm. |
||
| 650 | _aSuccess in business | ||
| 650 | _aNegotiation in business | ||
| 650 | _aStrategic planning | ||
| 650 | _aManagement | ||
| 700 |
_aWelch, Suzy _dauthor. |
||
| 942 |
_2lcc _cBK _n0 |
||
| 999 |
_c380 _d380 |
||